02160nam a2200421 a 4500001001200000003000800012006001900020007001500039008004100054010001700095020002500112020002200137020001800159020002700177040002100204035002100225050002600246111009700272245024800369246006700617246007000684246006300754260015200817300002500969440005200994504005301046533015201099650006801251650008601319650006701405655002901472700002601501700002601527700002501553710001701578856012601595999001701721ebr10604257CaPaEBRm u cr cn|||||||||120823s2012 sz a sb 101 0 eng d z 2012405916 z9783037853580 (pbk.) z3037853581 (pbk.) z9783037853580 z9783038136880 (e-book) aCaPaEBRcCaPaEBR a(OCoLC)81328575814aTS155b.M33334 2011eb2 aManufacturing Engineering Society International Conferencen(4th :d2011 :cC�adiz, Spain)10aAdvances in manufacturing systemsh[electronic resource] :bselected, peer reviewed papers from the 4th Manufacturing Engineering Society International Conference, September 2011, Cadiz, Spain /cedited by M. Marcos, J. Salguero and A. Pastor.30a4th Manufacturing Engineering Society International Conference3 aFourth Manufacturing Engineering Society International Conference30aManufacturing Engineering Society International Conference aDurnten-Zurich, Switzerland :bTrans Tech Publications Ltd ;aEnfield, N.H. :bDistributed in the Americas by Trans Tech Publications Inc.,cc2012. aviii, 146 p. :bill. 0aKey engineering materials,x1013-9826 ;vv. 502 aIncludes bibliographical references and indexes. aElectronic reproduction.bPalo Alto, Calif. :cebrary,d2011.nAvailable via World Wide Web.nAccess may be limited to ebrary affiliated libraries. 0aManufacturing processesxTechnological innovationsvCongresses. 0aComputer integrated manufacturing systemsxTechnological innovationsvCongresses. 0aProduction engineeringxTechnological innovationsvCongresses. 7aElectronic books.2local1 aMarcos, M.q(Mariano)1 aSalguero, J.q(Jorge)1 aPastor, A.q(Andres)2 aebrary, Inc.40uhttp://site.ebrary.com/lib/rucke/Doc?id=10604257zAn electronic book accessible through the World Wide Web; click to view c99895d99895